Statistics for Game of Thrones Characters with Most Lines per Episode (Season 1)

Click here to take the quiz!

General Stats

  • This quiz has been taken 97 times
  • The average score is 35 of 40

Answer Stats

HintAnswer% Correct
Ep 1: Winter is Coming50Ned
100%
Ep 3: Lord Snow42Ned
100%
Ep 7: You Win or You Die43Ned
100%
Ep 6: A Golden Crown23Ned
100%
Ep 4: Cripples, Bastards, and Broken Things51Ned
100%
Ep 5: The Wolf and the Lion77Ned
100%
Ep 2: The Kingsroad32Ned
100%
Ep 2: The Kingsroad24Jon
98%
Ep 4: Cripples, Bastards, and Broken Things32Jon
98%
Ep 10: Fire and Blood16Jon
98%
Ep 6: A Golden Crown24Tyrion
98%
Ep 3: Lord Snow26Tyrion
98%
Ep 8: The Pointy End24Tyrion
98%
Ep 1: Winter is Coming19Tyrion
98%
Ep 4: Cripples, Bastards, and Broken Things23Tyrion
98%
Ep 9: Baelor66Tyrion
98%
Ep 2: The Kingsroad23Arya
97%
Ep 3: Lord Snow20Arya
97%
Ep 8: The Pointy End17Sansa
97%
Ep 5: The Wolf and the Lion40Robert
92%
Ep 2: The Kingsroad22Catelyn
86%
Ep 1: Winter is Coming36Catelyn
86%
Ep 8: The Pointy End23Catelyn
86%
Ep 8: The Pointy End34Robb
86%
Ep 5: The Wolf and the Lion32Varys
86%
Ep 7: You Win or You Die23Petyr
85%
Ep 3: Lord Snow24Petyr
85%
Ep 5: The Wolf and the Lion31Petyr
85%
Ep 10: Fire and Blood23Daenerys
83%
Ep 7: You Win or You Die24Daenerys
83%
Ep 9: Baelor29Daenerys
83%
Ep 10: Fire and Blood19Joffrey
82%
Ep 10: Fire and Blood16Jorah
77%
Ep 6: A Golden Crown20Jorah
77%
Ep 1: Winter is Coming18Viserys
75%
Ep 6: A Golden Crown25Viserys
75%
Ep 7: You Win or You Die17Sam
66%
Ep 4: Cripples, Bastards, and Broken Things27Sam
66%
Ep 9: Baelor26Bronn
49%
Ep 9: Baelor28Shae
18%

Score Distribution

Percentile by Number Answered

Percent of People with Each Score

Your Score History

You have not taken this quiz